• 首页
  • 本馆介绍
  • 公告通知
  • 最新文献
  • 馆藏检索
  • 电子资源
  • 读者导购
  • 参考咨询
  • 我的图书馆
  • 登录
  • 详细信息显示
  • 放入我的书架
  • 预约/预借图书
  • 作者相关作品
  • 分类相关作品
  • 丛书相关作品
  • 出版社相关作品

书目信息

  • 表格格式
  • 工作单格式
  • 卡片格式
题名:
中国旅游交通地图集
    
 
作者:
分册:  
出版信息: 北京   中国地图出版社  2012.01
页数: 286页
开本: 24cm
丛书名:
单 册:
中图分类: F512.99-64 , K992.9
科图分类:
主题词: 交通图--中国--地图集 , 旅游图--中国--地图集 , 交通图 , 地图集 , 旅游图
电子资源:
ISBN: 978-7-5031-6147-6
000 00855nam0 2200277 450
001 010700124526
005 20130504153258.57
010    @a978-7-5031-6147-6@dCNY29.80
100    @a20120322d2012 em y0chiy50 ea
101 0  @achi
102    @aCN@b110000
105    @aab z 000yy
106    @ar
200 1  @a中国旅游交通地图集@9zhong guo lu^ you jiao tong di tu ji@e驾车出游便携版
210    @a北京@c中国地图出版社@d2012.01
215    @a286页@c图,地图@d24cm
330    @a本书主要内容包括:北京市、天津市、河北省、山西省、内蒙古自治区、辽宁省、吉林省、黑龙江省、上海市等地的地图集。
606 0  @a交通图@y中国@x地图集
606 0  @a旅游图@y中国@x地图集
606 0  @a交通图
606 0  @a地图集
606 0  @a旅游图
690    @aF512.99-64@v4
690    @aK992.9@v4
801  0 @aCN@bRENTIAN@c20120322
905    @b542572-76@dF512.99-64@e21@f5
    
    中国旅游交通地图集:驾车出游便携版.-北京:中国地图出版社,2012.01
    286页:图,地图;24cm
    
    
    ISBN 978-7-5031-6147-6:CNY29.80
    本书主要内容包括:北京市、天津市、河北省、山西省、内蒙古自治区、辽宁省、吉林省、黑龙江省、上海市等地的地图集。
●
相关链接 在E读中查询图书 在五车中查询图书 在当当中查询图书 在豆瓣中查询图书


正题名:中国旅游交通地图集     索取号:F512.99-64/21         预约/预借

序号 登录号 条形码 馆藏地/架位号 状态 备注
1 542572   205425725   第一样本阅览室/ [索取号:F512.99-64/21] 在馆    
2 542573   205425734   第一借阅区/ [索取号:F512.99-64/21] 在馆    
3 542574   205425743   第一借阅区/ [索取号:F512.99-64/21] 在馆    
4 542575   205425752   密集书库-资源管理系/ [索取号:F512.99-64/21] 在馆    
5 542576   205425761   第一借阅区/ [索取号:F512.99-64/21] 在馆    
唐山师范学院图书馆 欢迎您!
大连网信软件有限公司© 版权所有